| 000 | 00555nam a2200157 i 4500 | ||
|---|---|---|---|
| 001 | 33417 | ||
| 003 | ES-MaACL | ||
| 007 | t| | ||
| 008 | 030202s1914 fr ||||1| fre d | ||
| 100 | 1 |
_aBethmann, Hugo. _928668 |
|
| 245 | 1 | 4 |
_aLes appareils de levage _b: manuel théorique et pratique pour l'étude et la construction / _cHugo Bethmann ; traduit de l'allemand sur la deuxiéme édition par Ch. Judais. |
| 260 |
_aParís : _bGauthier-Villars et Cie., _c1914. |
||
| 300 |
_a728 p. ; _c25 cm. |
||
| 700 | 1 |
_aJudais, Ch. _967181 |
|
| 852 |
_aES-MaACL _jG-5865 |
||
| 999 |
_c33417 _d33417 |
||